Army politics in Cuba, 1898-1958 /

Saved in:
Bibliographic Details
Main Author: Pérez, Louis A., 1943-
Format: Book
Language:English
Published: [Pittsburgh] : University of Pittsburgh Press, c1976.
Series:Pitt Latin American series
Subjects:
LEADER 01132nam a2200325 a 4500
001 c000326913
003 CARM
005 19990923000000.0
008 751112s1976 pau b 001 0 eng
010 |a 75035440 
019 1 |a 744415  |5 LACONCORD2021 
020 |a 0822933039 :  |c $9.95 
035 |a (OCoLC)1945402  |5 LACONCORD2021 
040 |a LC  |b eng  |c LC  |d XNTU 
043 |a nwcu--- 
050 0 0 |a UA610.C9  |b P47 1976 
082 0 4 |a 355.3/097291 
082 0 4 |a 355.3/097291 
100 1 |a Pérez, Louis A.,  |d 1943- 
245 1 0 |a Army politics in Cuba, 1898-1958 /  |c Louis A. Pérez, Jr. 
260 |a [Pittsburgh] :  |b University of Pittsburgh Press,  |c c1976. 
300 |a xvi, 240 p. ;  |c 24 cm. 
490 0 |a Pitt Latin American series 
500 |a Includes index. 
504 |a Bibliography: p. 211-233. 
610 1 0 |a Cuba.  |b Ejército  |x History. 
651 0 |a Cuba  |x Politics and government. 
852 8 |b CARM  |h A1:AM23C0  |i C10139  |p 0430205  |f BK 
999 f f |i 74da231a-316b-5efa-a6c3-3f0730f53b4d  |s c5da69b5-e629-557d-9afa-5c78da16c25b 
952 f f |p Can circulate  |a CAVAL  |b CAVAL  |c CAVAL  |d CARM 1 Store  |e C10139  |f A1:AM23C0  |h Other scheme  |i book  |m 0430205